| 000 | 00685nam a22002297a 4500 | ||
|---|---|---|---|
| 999 |
_c20710 _d20710 |
||
| 003 | AR-CdUCM | ||
| 008 | 190604b ||||| |||| 00| 0 spa d | ||
| 020 | _a978-612-4122-55-2 | ||
| 040 |
_aMUNICIPALIDAD PROVINCIAL DEL CUSCO _cBIBLIOTECA MUNICIPAL DEL CUSCO |
||
| 082 |
_a398.2 / _bA1 |
||
| 100 |
_aDonayre Hoefken, José _943256 |
||
| 245 | _aEl despertar del Amaru / | ||
| 260 |
_aLima : _bEds. Altazor, _c2013. |
||
| 300 |
_a24 páginas ; _bIlustraciones, _c19 cm |
||
| 500 | _aHistoria par niños | ||
| 505 | _aContenido: Historia para niños. | ||
| 650 |
_aHistoria _9136 |
||
| 650 |
_aNiños _99390 |
||
| 650 |
_aPerú _935 |
||
| 942 |
_2ddc _cLIBROS |
||
| 945 | _aJavier | ||